000 00781nam a2200229Ia 4500
003 GCL
008 140319s9999 xx 000 0 ara d
040 _aGCL /
_cGCL
082 0 4 _a301.554
_bج ا
100 1 _aوليد عبد اللطيف هوانة
245 1 0 _aالاشراف: مدخل علم السلوك التطبيقى لادارة الناس /
_cوليد عبد اللطيف هوانة
700 1 _aحسين محمد على العلوى
700 1 _aجراى، جيرى ل.
260 _a[S.N] :
_bمعهد الادارة العامة ،
_c1988
300 _a683 ص
490 _a
650 0 4 _aالسلوك
650 0 4 _aالتكيف الاجتماعى
650 0 4 _aالسلوك المستتر
650 0 4 _aالسلوك المكشوف
942 _2ddc
_cBK
999 _c32521
_d32521